000 01047nam a22003017a 4500
001 7876
003 FISKH
005 20260310092437.0
008 250813b cb ||||| |||| 00| 0 eng d
020 _a9780545499750
040 _aFISKH
_beng
_cFISKH
_dFISKH
050 _aE332 .J86
082 _a973.4
100 _aJurmain, Suzanne Tripp
245 _aWorst of friends :
_bThomas Jefferson, John Adams and the true story of an American Feud /
_cBy Suzanne Tripp Jurmain : Illustrated by Larry Day
250 _aFirst Scholastic printing, October 2012
260 _aNew York :
_bScholastic,
_c2011.
300 _a32 unnumbered pages :
_bcolor illustrations ;
_c28 cm .
505 _aZ
520 _aJohn Adams and Thomas Jefferson put aside their differences in the name of friendship.
521 8 _a920
_bLexile
521 8 _aZ
_bRaz-Plus
650 _aAmerican Revolution
_vNon-fiction
650 _aAmerican Presidents
_vNon-fiction
700 _aDay, Larry
_eIllustrator
942 _2ddc
_cBK
_n0
999 _c7876
_d7876